000 00591nam a22001817a 4500
005 20170711164708.0
010 _aENG-119159
020 _c130.00
_a9789351438595
035 _aEN-102691
037 _bDBAD/PUB
082 _a346.540436
100 _aRosedar,S.R.A.
245 _aTransfer of property act :
_cby S.C. Srivastava
_bincluding Indian easements act/
260 _aGurgaon
_bLexis Nexis
_c2016
270 _a14th floor,Building No-10, Tower-B,DLF Cyber City Phase-11
_bGurgaon
_e122002
300 _axix,162p.
_c22cm(pbk)
942 _2ddc
_cEN
_h346.540436
_mROS
999 _c142445
_d142445